Diseases: Deadliest Infectious Diseases by Country - Statistics

General Stats
  • This quiz has been taken 1,328 times
  • The average score is 3 of 7
Answer Stats
Disease % Correct
Malaria
82%
HIV/AIDS
79%
Tuberculosis
50%
Diarrheal Diseases
48%
Dengue
30%
Hepatitis
19%
Meningitis
14%
No matching quizzes found
Score Distribution
Percent of People with Each Score
Percentile by Number Answered
Your Score History
You have not taken this quiz